000 01108cam a2200301 a 4500
001 2618
003 BDjRUL
005 20211208233605.0
008 131212r19531944enk 001 0 eng d
035 _a(BDjRUL)2645
035 _a(OCoLC)4317684
040 _aDLC
_cFNP
_dm.c
_dEQO
_dBDjRUL
_beng
041 _aeng
082 _a331.137942
_bBEF
100 1 _aBeveridge, William Henry Beveridge,
_d1879-1963.
_98464
245 1 0 _aFull employment in a free society :
_ba report /
_cLord Beveridge.
250 _a1st ed.
260 _aLondon :
_bAllen & Unwin,
_c1944 [Impression 1953]
300 _a429, [1] p. :
_bdiagrs ;
_c22 cm.
500 _a"Sequel to the report on Social insurance and allied services ... made to His Majesty's government in November, 1942."- Pref
500 _a"First published in 1944."
650 0 _aUnemployed
_zGreat Britain.
_98465
651 0 _aGreat Britain
_xEconomic policy.
_98466
710 1 _aGreat Britain.
_bInter-departmental Committee on Social Insurance and Allied Services
_98467
942 _2ddc
_cBK
999 _c2618
_d2618